000
00319nam a22001457a 4500
008
221003b ||||| |||| 00| 0 eng d
020
_a
9780323187114
041
_a
eng
080
_2
Third
_a
610.73
082
_a
INF
100
_a
6.1
101
_a
INF
245
_a
Nurse Math Meds
_c
MULHOLLAND J
942
_2
udc
_c
BK
999
_c
58324
_d
58324